000 00759nam a22002897a 4500
001 BR6004630
003 BR-BrBNA
005 20230928095835.0
007 ta
008 230509b bl.||||| |||| 00| 0 por d
040 _aBR-BrBNA
_bpor
_cBiblioteca Nacional de Agricultura
041 _a(Por)
072 _aB50
_b2120
090 _ 2120 BR6004630
100 1 _aCalheiros, B.E.
110 1 _aMuseu do Acucar, Recife, PE (Brasil)
_97642
245 1 _aMemoria sobre a cultura do cafe na provincia das Alagoas
260 3 _aRecife, PE (Brasil):
_c1967.
300 _a37 p.
650 _aHistoria
650 _aCafe
650 _aPratica Cultural
650 _aConsumo
650 _aAlagoas
909 _a202309
_bLucia
_c55
_dLucia Elande
942 _cBK
999 _c58965
_d58965